000 00717nam a22002537a 4500
001 BR9500086
003 BR-BrBNA
005 20230928094405.0
007 ta
008 230509b bl.||||| |||| 00| 0 por d
040 _aBR-BrBNA
_bpor
_cBiblioteca Nacional de Agricultura
041 _a(Por)
072 _aC20
090 _ C20 BR9500086
100 1 _aOlinger, G.
111 1 _a20. Congresso Brasileiro de Economia e Sociologia Rural
_cCuritiba, PR (Brazil)
_d1982
245 1 _aMetodologia de extensao rural: o multiplicador
260 3 _aBrasilia, DF (Brasil):
_c1982.
300 _a27 p.
650 _aExtensao Rural
650 _aSanta Catarina
909 _a202309
_bLucia
_c55
_dLucia Elande
942 _cBK
999 _c50454
_d50454